Bon Jovi - Never Say Goodbye Lyrics Quiz - Statistics

General Stats
  • This quiz has been taken 4 times
  • The average score is 30 of 35
Answer Stats
Lyrics % Correct
And I held you in {my} {arms} so strong
100%
And I swore I'd {never} {let} you go
100%
As I sit in this {smokey} room
100%
But this {bottle}'s my only friend
100%
Holdin' on to never say {goodbye}
100%
Hoping it {would} {never} end
100%
I pass my time with {strangers}
100%
{Never} {say} goodbye
100%
{Never} {say} goodbye
100%
{Never} {say} goodbye
100%
{Racing} {cars} and being cool
100%
Remember at the {prom} that night
100%
Remember days of {skipping} school
100%
Remember how we {used} {to} talk
100%
{Say} goodbye
100%
Together, {forever}
100%
{Together}, forever
100%
{Together}, forever
100%
We'd break their {hearts}
100%
With a six pack and {the} {radio}
100%
You and me, we had a {fight}
100%
You lost more than that in my {backseat}, baby
100%
About {busting} {out}, we'd break their hearts
75%
Remember when we lost {the} {keys} and
75%
The {night} about to end
75%
We danced so {close}
75%
We danced so {slow}
75%
We didn't need {no} {place} to go
75%
We used to {talk} {about} busting out
75%
You and me and my {old} {friends}
75%
Holdin' on, {we've} {gotta} try
50%
Oh, and I {guess} you'd say
50%
But the band {they} {played} our favorite song
25%
{Rememberin'} when we used to park
25%
On {Butler} {Street}, out in the dark
0%
No matching quizzes found
Score Distribution
Percent of People with Each Score
Percentile by Number Answered
Your Score History
You have not taken this quiz